000 00547nam a2200169Ia 4500
003 IN-BaIIA
008 211028s9999 xx 000 0 eng d
020 _a3-540-62554-2
040 _cIIA Library
080 _a048.1:52
_bAAA-65B
245 0 _aAstronomy and astrophysics abstracts
_bvol. 65B, pt. 1
_cedited by G. Burkhardt
260 _aBerlin
_bSpringer-Verlag
_c1997
300 _aviii, 833-1829p.
650 _aAbstracts-Astronomy, Abstracts-Astrophysics
_921090
700 _aBurkhardt, G. ed.
942 _cBK
999 _c12103
_d12103